|
|
|
|
| LEADER |
00000nas a2200000 4500 |
| 001 |
ssj0009020 |
| 003 |
WaSeSS |
| 005 |
20200512172242.0 |
| 006 |
m d |
| 007 |
cr n |
| 008 |
760414c19679999vauwr p s 0 a0eng d |
| 010 |
|
|
|a sn 86002187
|
| 016 |
7 |
|
|a 007157534
|2 Uk
|
| 022 |
|
|
|l 0011-1295
|y 0011-1295
|
| 035 |
|
|
|a (WaSeSS)ssj0009020
|
| 037 |
|
|
|b Washington Crime News Service, 7043 Wimsatt Rd., Springfield, Va. 22151-4070
|
| 040 |
|
|
|a KSU
|b eng
|c KSU
|d MUL
|d UCU
|d COO
|d MUL
|d NYG
|d PIT
|d NSD
|d NST
|d OCL
|d TJC
|d OCLCQ
|d CUI
|d OCLCF
|d OCLCO
|d GILDS
|d UKMGB
|d OCLCQ
|d WaSeSS
|
| 042 |
|
|
|a nsdp
|
| 043 |
|
|
|a n-us---
|
| 050 |
|
4 |
|a KF9223
|b .C92
|
| 082 |
1 |
0 |
|a 364
|2 11
|
| 210 |
0 |
|
|a Wash. Crime News Serv. crime control dig.
|
| 222 |
|
0 |
|a Washington Crime News Services' crime control digest
|
| 245 |
0 |
0 |
|a Crime control digest
|h [electronic resource].
|
| 246 |
1 |
|
|a Washington Crime News Services' crime control digest
|
| 260 |
|
|
|a Washington,
|b Sci/Tech Digests, Inc.
|
| 310 |
|
|
|a Weekly,
|b <Dec. 3, 1971->
|
| 321 |
|
|
|a Biweekly,
|b Apr. 1967-<Apr. 1970>
|
| 321 |
|
|
|a Monthly,
|b Apr.-Aug. 1967
|
| 362 |
0 |
|
|a v. 1- Apr. 1967-
|
| 500 |
|
|
|a At head of title, <June 16, 1986->: Washington Crime News Services'.
|
| 506 |
|
|
|a License restrictions may limit access.
|
| 588 |
|
|
|a Latest issue online consulted: Volume 41, Number 49 (2007) (ProQuest's website, viewed May 14, 2013).
|
| 650 |
|
0 |
|a Law enforcement
|z United States
|v Periodicals.
|
| 650 |
|
0 |
|a Crime
|z United States
|v Periodicals.
|
| 650 |
|
0 |
|a Crime prevention
|z United States
|v Periodicals.
|
| 650 |
|
0 |
|a Criminal justice, Administration of
|z United States
|v Periodicals.
|
| 650 |
|
7 |
|a Crime.
|2 fast
|0 (OCoLC)fst00882984
|
| 650 |
|
7 |
|a Crime prevention.
|2 fast
|0 (OCoLC)fst00883055
|
| 650 |
|
7 |
|a Criminal justice, Administration of.
|2 fast
|0 (OCoLC)fst00883246
|
| 650 |
|
7 |
|a Law enforcement.
|2 fast
|0 (OCoLC)fst00993931
|
| 651 |
|
7 |
|a United States.
|2 fast
|0 (OCoLC)fst01204155
|
| 655 |
|
0 |
|a Electronic journals.
|
| 710 |
2 |
|
|a Washington Crime News Services (U.S.)
|
| 850 |
|
|
|a CtY-L
|a KU-S
|a MiDW
|
| 856 |
4 |
0 |
|z Full text available from Research Library: 10/20/2000 to 12/02/2007
|u https://search.proquest.com/publication/48608
|